| 000 | 00488nam a2200205Ia 4500 | ||
|---|---|---|---|
| 003 | OSt | ||
| 005 | 20260220103425.0 | ||
| 008 | 210210b1950 xxu||||| |||| 00| 0 eng d | ||
| 040 | _cAL | ||
| 041 | _aeng | ||
| 082 | _a829/303 | ||
| 100 |
_aDickens C _9138190 |
||
| 245 | _aMr Pickwick | ||
| 260 |
_aLondon _bUniversity of London Press Ltd. _c1950 |
||
| 650 |
_aPickwick _9138191 |
||
| 650 |
_aMr _9138192 |
||
| 690 |
_aEnglish Fiction _9138193 |
||
| 906 | _a016908 | ||
| 942 |
_2ddc _cBK |
||
| 999 |
_c136823 _d136823 |
||